200 mots aléatoire Harry Potter 1 #1 - Statistiques

Statistiques générales
  • Ce quiz a été pris 42 fois
  • Le résultat moyen est 108 sur 200
Statistiques - réponses
Réponses % Correct
d'
100%
S'
94%
s'
94%
à
92%
Harry.
92%
—Harry!
92%
Harry
92%
—Harry,
92%
Hermione.
92%
Hermione
92%
Hermione,
92%
l'
92%
Ron
92%
Ron.
92%
c'
89%
C'
89%
est
86%
est-
86%
Et
86%
et
86%
n'
86%
—Il
83%
il
83%
le
81%
tu
81%
de
78%
en
78%
la
78%
ce
75%
pas
75%
se
75%
ça,
72%
—Je
72%
je
72%
on
72%
qu'
72%
un
72%
elle
69%
les
69%
69%
que
69%
dit
67%
mais
67%
Mais
67%
passé,
67%
une
67%
des
64%
qui
64%
—Vous
64%
vous
64%
y
64%
Dumbledore...
61%
Dumbledore
61%
était
61%
mal
61%
ne
61%
point
58%
professeur
58%
avait
56%
plus
56%
question.
56%
sur
56%
dans
53%
ses
53%
—Bon,
50%
bon
50%
ces
50%
me
50%
Pierre,
50%
plaît,
47%
tête.
47%
très
47%
accord,
44%
Alors,
44%
école
44%
encore
44%
sous
44%
Voldemort.
44%
as
42%
avez
42%
bien
39%
—Bien
39%
cinq
39%
leur
39%
Madame
39%
minutes,
39%
minutes!
39%
parle
39%
suis
39%
bras,
36%
cri.
36%
Pomfresh
36%
Pomfresh...
36%
femme
33%
raconta
33%
serrer
33%
VRAI ?
33%
directeur.
31%
entrer
31%
laissa
31%
laissé
31%
poussa
31%
Quirrell,
31%
—Toute
31%
turban
31%
aux
28%
besoin
28%
miroir,
28%
sans
28%
fut
25%
repos.
25%
repose,
25%
entendu,
22%
lorsqu'
22%
maintenant,
22%
—Seulement
22%
supplia
22%
pensait
19%
rien
19%
soulagé:
19%
stricte.
19%
bons
17%
écoutaient
14%
fit
14%
nouveau
14%
public,
14%
récit
14%
retint.
14%
faisait
11%
moments.
11%
omettre:
11%
regardez,
11%
allais...
8%
couché.
8%
détaillé,
8%
exclamations
8%
vérité
8%
rares
6%
rumeurs.
6%
souci...
6%
tellement
6%
charmante,
3%
circonstances
3%
étouffant
3%
étrange
3%
paraît
3%
passionnante
3%
Aucun quiz correspondant
Distribution des résultats
% des personnes avec chaque résultat
Percentile par nombre de réponses
Votre historique - résultats
Vous n’avez pas pris ce quiz